Ťažký, no úspešný deň ČSSR (na MS kanoistov v Tampere)

Bibliographic Details
Format: Article
Language:Slovak
Subjects:

MARC

LEADER 00000nab a2200000 a 4500
001 vtls009359362
003 SK-MaSNL
005 20260303054741.0
008 081110 19730728xo |00 0 slo
015 |a SNBRB1973 
040 |a SNKBUCL  |b slo  |c SNKBUCL  |e AACR2 
041 0 |a slo 
044 |a xo  |c SK 
080 |a 797.122.3.093.1  |x (100)  |2 2001 
245 0 0 |a Ťažký, no úspešný deň ČSSR  |b (na MS kanoistov v Tampere) 
611 2 7 |a Majstrovstvá sveta v kanoistike  |d (1973 :  |c Tampere, Fínsko)  |2 snkbucl  |9 1049196 
650 0 7 |a kanoistika  |2 snkbucl  |9 3240 
773 0 |t Šport  |g (28.7.1973), s. 1 a 6 
999 |c 1724490  |d 1726420